书目信息 |
| 题名: |
世界女排强队进攻表现特征研究
|
|
| 作者: | 杜宁 著 | |
| 分册: | ||
| 出版信息: | 北京 中国社会出版社 2021.01 |
|
| 页数: | 312页 | |
| 开本: | 24cm | |
| 丛书名: | ||
| 单 册: | ||
| 中图分类: | G842.19 | |
| 科图分类: | ||
| 主题词: | 女子项目--排球运动--运动队--进攻(运动技术)--研究--世界 | |
| 电子资源: | ||
| ISBN: | 978-7-5087-6330-9 | |
| 000 | 00951nam0 2200241 450 | |
| 001 | 012001000238 | |
| 005 | 20141201113907.0 | |
| 010 | @a978-7-5087-6330-9@dCNY70.00 | |
| 100 | @a20220905d2021 em y0chiy50 ea | |
| 101 | 0 | @achi |
| 102 | @aCN@b110000 | |
| 105 | @aa z 000yy | |
| 106 | @ar | |
| 200 | 1 | @a世界女排强队进攻表现特征研究@Ashi jie nv pai qiang dui jin gong biao xian te zheng yan jiu@f杜宁著 |
| 210 | @a北京@c中国社会出版社@d2021.01 | |
| 215 | @a312页@c图@d24cm | |
| 300 | @a辽宁省教育厅科学研究经费项目 | |
| 330 | @a本书共九章,内容包括:塞尔维亚女排进攻技战术特征分析、意大利女排进攻技战术特征分析、巴西女排进攻技战术特征分析、美国女排进攻技战术特征分析、欧美与中国优秀女排运动员扣球技术特征分析、欧美女排进攻发展现状与趋势等。 | |
| 606 | 0 | @a女子项目@x排球运动@x运动队@x进攻(运动技术)@x研究@y世界 |
| 690 | @aG842.19@v5 | |
| 701 | 0 | @a杜宁@Adu ning@4著 |
| 801 | 0 | @aCN@bAHXH@c20221111 |
| 905 | @b1368965-9@dG842.19@e2023@f5 | |
| 世界女排强队进攻表现特征研究/杜宁著.-北京:中国社会出版社,2021.01 |
| 312页:图;24cm |
| 辽宁省教育厅科学研究经费项目 |
| ISBN 978-7-5087-6330-9:CNY70.00 |
| 本书共九章,内容包括:塞尔维亚女排进攻技战术特征分析、意大利女排进攻技战术特征分析、巴西女排进攻技战术特征分析、美国女排进攻技战术特征分析、欧美与中国优秀女排运动员扣球技术特征分析、欧美女排进攻发展现状与趋势等。 |
| ● |
| 相关链接 |
|
|
|
|
正题名:世界女排强队进攻表现特征研究
索取号:G842.19/2023
 
预约/预借
| 序号 | 登录号 | 条形码 | 馆藏地/架位号 | 状态 | 备注 |
| 1 | 1368965 | 213689659 | 第一样本阅览室/ [索取号:G842.19/2023] | 在馆 | |
| 2 | 1368966 | 213689668 | 教育系资料室/ [索取号:G842.19/2023] | 在馆 | |
| 3 | 1368967 | 213689677 | 教育系资料室/ [索取号:G842.19/2023] | 在馆 | |
| 4 | 1368968 | 213689686 | 第四借阅区/ [索取号:G842.19/2023] | 在馆 | |
| 5 | 1368969 | 213689695 | 第四借阅区/ [索取号:G842.19/2023] | 在馆 | |
| 6 | 1386957 | 213869571 | 第一借阅区/ [索取号:G842.19/2023] | 在馆 | |
| 7 | 1386958 | 213869580 | 第四借阅区/ [索取号:G842.19/2023] | 在馆 | |
| 8 | 1386959 | 213869599 | 第四借阅区/ [索取号:G842.19/2023] | 在馆 | |
| 9 | 1386960 | 213869606 | 第四借阅区/ [索取号:G842.19/2023] | 在馆 |